Texas Association records, (Record no. 42930)
[ view plain ]
| 000 -LEADER | |
|---|---|
| fixed length control field | 01068cpcaa2200277 4500 |
| 001 - CONTROL NUMBER | |
| control field | mm 80065477 |
| 003 - CONTROL NUMBER IDENTIFIER | |
| control field | DLC |
| 005 - DATE AND TIME OF LATEST TRANSACTION | |
| control field | 20260227111705.0 |
| 008 - FIXED-LENGTH DATA ELEMENTS--GENERAL INFORMATION | |
| fixed length control field | 800918|||||||||||| eng |
| 010 ## - LIBRARY OF CONGRESS CONTROL NUMBER | |
| LC control number | mm 80065477 |
| 040 ## - CATALOGING SOURCE | |
| Original cataloging agency | DLC |
| Transcribing agency | DLC |
| Description conventions | dacs |
| Modifying agency | DLC |
| 072 #7 - SUBJECT CATEGORY CODE | |
| Subject category code | N |
| Source | lcmd |
| 110 2# - MAIN ENTRY--CORPORATE NAME | |
| Corporate name or jurisdiction name as entry element | Texas Association. |
| 245 00 - TITLE STATEMENT | |
| Title | Texas Association records, |
| Inclusive dates | 1844-1845. |
| 300 ## - PHYSICAL DESCRIPTION | |
| Extent | 1 |
| Type of unit | microfilm reel. |
| 506 0# - RESTRICTIONS ON ACCESS NOTE | |
| Terms governing access | Open to research. |
| 520 8# - SUMMARY, ETC. | |
| Summary, etc. | Records pertaining to the settlement of Mercer Colony, Texas. |
| 533 ## - REPRODUCTION NOTE | |
| Type of reproduction | Microfilm of originals in the Louisville Free Public Library (Louisville, Ky.). |
| 535 1# - LOCATION OF ORIGINALS/DUPLICATES NOTE | |
| Custodian | Kentucky: Louisville Free Public Library, Louisville |
| 545 1# - BIOGRAPHICAL OR HISTORICAL DATA | |
| Biographical or historical data | Company formed in 1844 for the settlement of Mercer Colony, Texas. Based in Louisville, Ky. |
| 546 ## - LANGUAGE NOTE | |
| Language note | Collection material in English. |
| 650 #0 - SUBJECT ADDED ENTRY--TOPICAL TERM | |
| Topical term or geographic name entry element | Land companies. |
| 650 #0 - SUBJECT ADDED ENTRY--TOPICAL TERM | |
| Topical term or geographic name entry element | Land grants |
| Geographic subdivision | Texas. |
| 651 #0 - SUBJECT ADDED ENTRY--GEOGRAPHIC NAME | |
| Geographic name | Mercer Colony (Tex.) |
| General subdivision | History. |
No items available.